| 000 | 00000nam 2200000za 4500 |
| 001 | 9.833227 |
| 003 | CaOODSP |
| 005 | 20221107150156 |
| 007 | cr ||||||||||| |
| 008 | 170301s1932 onc #os|||f000 0|fre d |
| 040 | |aCaOODSP|bfre |
| 041 | |aeng|afre |
| 043 | |an-cn--- |
| 086 | 1 |aCS98-1931B-21-PDF|z98-1931B-21 |
| 245 | 00|aPopulation of Canada, 1931, by religious denominations |h[ressource électronique]. |
| 246 | 15|aPopulation du Canada, 1931 par dénominations religieuses |
| 246 | 16|aReligions de la population, recensement 1931 |
| 260 | |aOttawa : |bDominion Bureau of Statistics,|c1932. |
| 300 | |a206 p. |
| 490 | 1 |aSeventh census of Canada, 1931, bulletin ; |vno. XXI |
| 500 | |aTitre de la couv. |
| 500 | |aAdded t.p. title: Population du Canada, 1931 par dénominations religieuses |
| 500 | |aEn majeure partie des tableaux. |
| 500 | |aPublication du recensement historique numérisée en 2009 [par Statistique Canada]. |
| 520 | |a« Dans le présent bulletin la population dénombrée dans le Septième Recensement du Canada est classifiée selon la religion ou croyance à laquelle elle adhère ou qu'elle pratique. ... Les tableaux du présent bulletin donnent le nombre d'individus appurtenant à chaque dénomination. Les derniers volumes du Recensement contiendront des tableaux donnant la classification croisée de la population selon les groupes d'âges quinquennaux, par provinces, tant pour les districts rurauxque pour les districts urbains »--p. 205. |
| 546 | |aTexte en anglais et en français. Texte en français suit le texte anglais. |
| 692 | 07|2gccst|aRecensement |
| 692 | 07|2gccst|aPopulation |
| 692 | 07|2gccst|aReligion |
| 710 | 1 |aCanada. |bBureau fédéral de la statistique. |
| 791 | |tPopulation of Canada, 1931, by religious denominations |eeng|w(CaOODSP)9.833224 |
| 830 | #0|aSeventh census of Canada, 1931, bulletin ;|vno. 21|w(CaOODSP)9.832902 |
| 856 | 40|qPDF|uhttps://publications.gc.ca/collections/collection_2017/statcan/CS98-1931B-21.pdf|s96.82 Mo |